• 首页
  • 本馆介绍
  • 公告通知
  • 最新文献
  • 馆藏检索
  • 电子资源
  • 读者导购
  • 参考咨询
  • 我的图书馆
  • 登录
  • 详细信息显示
  • 放入我的书架
  • 预约/预借图书
  • 作者相关作品
  • 分类相关作品
  • 丛书相关作品
  • 出版社相关作品

书目信息

  • 表格格式
  • 工作单格式
  • 卡片格式
题名:
工程中的振动问题
    
 
作者: 铁摩辛柯 , Timoshenko 编 ;胡人礼 译
分册:  
出版信息: 北京   人民铁道出版社  1978
页数: 351页
开本: 26cm
丛书名:
单 册:
中图分类: TU311.3 , TH113.1
科图分类:
主题词: 建筑结构-结构振动 , 结构振动-建筑结构 , 机械学:动力学
电子资源:
ISBN:
000 00921nam0 2200313 45
001 0178001508
005 20040524151158.7
010    @dCNY2.05
091    @a15043.6123
100    @a19950810d1978 em y0chiy0121 ea
101 1  @achi@ceng
102    @aCN@b110000
105    @ay z 000yy
106    @ar
200 10 @a工程中的振动问题@Agong cheng zhong de zhen dong wen ti@f(美)铁摩辛柯(S.Timoshenko)编@g胡人礼译
210    @a北京@c人民铁道出版社@d1978
215    @a351页@d26cm
300    @a书名原文:Vibrastion problems in engineering
510 1  @aVibrastion problems in engineering@zeng
606    @a建筑结构-结构振动
606    @a结构振动-建筑结构
606 0  @a机械学:动力学
690    @aTU311.3@v3
690    @aTH113.1
701  1 @a铁摩辛柯@Atie mo xin ke@bS.@4编
701 A1 @aTimoshenko@bS.@4编
702  0 @a胡人礼@Ahu ren li@4译
801  0 @aCN@bNLC@c20040524
905    @f1@b3144@dTH113.1@e2
    
    工程中的振动问题/(美)铁摩辛柯(S.Timoshenko)编/胡人礼译.-北京:人民铁道出版社,1978
    351页;26cm
    书名原文:Vibrastion problems in engineering
    
    ISBN :CNY2.05
    
●
相关链接 在E读中查询图书 在五车中查询图书 在当当中查询图书 在豆瓣中查询图书


正题名:工程中的振动问题     索取号:TH113.1/2         预约/预借

序号 登录号 条形码 馆藏地/架位号 状态 备注
1 0003143   001363973   第二样本阅览室/ [索取号:TH113.1/2] 在馆    
2 0003144   001363937   第三借阅区/ [索取号:TH113.1/2] 在馆    
唐山师范学院图书馆 欢迎您!
大连网信软件有限公司© 版权所有